Konstrukce přístrojů přesné mechaniky /
Uloženo v:
| Hlavní autor: | |
|---|---|
| Další autoři: | |
| Médium: | Kniha |
| Jazyk: | čeština maďarština |
| Vydáno: |
Praha :
SNTL - Státní nakladatelství technické literatury,
1964
|
| Vydání: | [1. vyd.] |
| Témata: | |
| On-line přístup: |
|
| Tagy: |
Přidat tag
Žádné tagy, Buďte první, kdo vytvoří štítek k tomuto záznamu!
|
MARC
| LEADER | 00000cam a2200000 4500 | ||
|---|---|---|---|
| 003 | SK-BrCVT | ||
| 005 | 20220617214514.0 | ||
| 008 | 060814s1964 cs e ||||||cze d | ||
| 035 | |a CVTIDW1375214 | ||
| 040 | |b slo |a CVTI SR |e AACR2 | ||
| 041 | 1 | |a cze |h hun | |
| 044 | |a cs | ||
| 080 | |a 621.941.26 |2 UDC-MRF | ||
| 100 | 1 | |a Ferenczy, Jenő |4 aut | |
| 245 | 1 | 0 | |a Konstrukce přístrojů přesné mechaniky / |c Jenö Ferenczy ; z maďarského originálu přeložil: Ladislav Szalai |
| 250 | |a [1. vyd.] | ||
| 260 | |a Praha : |b SNTL - Státní nakladatelství technické literatury, |c 1964 | ||
| 300 | |a 351 s. | ||
| 653 | 1 | |a prístroj |a presná mechanika | |
| 700 | 1 | |a Szalai, Ladislav |4 trl | |
| 910 | |b A171101 |b A171102 |b A171103 |b A171104 |b A171105 |b A171106 |b A263004 | ||
| 974 | |f Knihy | ||
| 992 | |a AMG | ||
| 999 | |c 139603 |d 139603 | ||